[Event "XXVII Festival Conca della Presolana A"]
[Site "Bratto - Castione della Presolana ITA"]
[Date "2007.08.23"]
[Round "1"]
[White "Martinez, Rolly"]
[Black "Maccagno, Giancarlo"]
[Result "1-0"]
[WhiteElo "2428"]
[BlackElo "2109"]
[PlyCount "76"]
[EventDate "2007.08.23"]

1. e4 g6 2. d4 d6 3. Nc3 c6 4. f4 d5 5. e5 h5 6. Nf3 Bg4 7. Bd3 e6 8. Be3 Nh6
9. h3 Bxf3 10. Qxf3 Nf5 11. Bf2 h4 12. Ne2 Be7 13. O-O Nd7 14. b3 c5 15. c4
dxc4 16. Bxc4 cxd4 17. Qxb7 O-O 18. Rad1 Nc5 19. Qf3 Qa5 20. Nxd4 Nxd4 21. Rxd4
Rad8 22. Rxd8 Rxd8 23. Qg4 Kg7 24. a4 Rd2 25. Be1 Ne4 26. Bxd2 Qxd2 27. Kh2 Ng3
28. Rd1 Qf2 29. Qf3 Qb6 30. Bb5 a6 31. Bc4 Bc5 32. Qg4 Bf2 33. a5 Qxa5 34. Bxe6
fxe6 35. Qg5 Qb5 36. Qf6+ Kh6 37. Qxh4+ Kg7 38. Qf6+ Kh6 1-0

[Event "XXVII Festival Conca della Presolana A"]
[Site "Bratto - Castione della Presolana ITA"]
[Date "2007.08.23"]
[Round "1"]
[White "Mazzariol, Oscar"]
[Black "Lanzani, Mario"]
[Result "0-1"]
[WhiteElo "2035"]
[BlackElo "2336"]
[PlyCount "74"]
[EventDate "2007.08.23"]

1. d4 Nf6 2. c4 g6 3. Nc3 Bg7 4. e4 d6 5. f3 O-O 6. Be3 c5 7. d5 e6 8. Bd3 exd5
9. cxd5 a6 10. a4 Re8 11. Nge2 Nbd7 12. O-O Ne5 13. Bb1 Rb8 14. b3 b5 15. axb5
axb5 16. Bc2 b4 17. Na4 Ba6 18. Rb1 Qa5 19. Re1 h5 20. Nb2 h4 21. Nf4 Bh6 22.
Nfd3 Bxe3+ 23. Rxe3 Nxd3 24. Bxd3 Nxd5 25. exd5 Rxe3 26. Ra1 Rxd3 27. Rxa5
Rxd1+ 28. Nxd1 Bb7 29. Ne3 Ra8 30. Rxa8+ Bxa8 31. f4 Bb7 32. Kf1 Ba6+ 33. Ke1
Bd3 34. Kd2 Be4 35. g3 Kg7 36. g4 g5 37. f5 Kf6 0-1

[Event "XXVII Festival Conca della Presolana A"]
[Site "Bratto - Castione della Presolana ITA"]
[Date "2007.08.23"]
[Round "1"]
[White "Miatello, Alberto"]
[Black "Erturan, Yakup"]
[Result "0-1"]
[WhiteElo "2062"]
[BlackElo "2389"]
[PlyCount "74"]
[EventDate "2007.08.23"]

1. e4 c5 2. Nf3 d6 3. d4 cxd4 4. Nxd4 Nf6 5. Nc3 Nc6 6. Bg5 Bd7 7. Be2 Qa5 8.
Bxf6 gxf6 9. O-O Bg7 10. Nb3 Qd8 11. Kh1 f5 12. exf5 Bxf5 13. Bd3 Qd7 14. Qf3
Bg6 15. Qg3 O-O 16. f4 f5 17. Bc4+ Bf7 18. Bd3 Kh8 19. Qh3 Bg6 20. Rf3 e6 21.
Rd1 Qf7 22. Be2 Rad8 23. Rfd3 d5 24. a3 Qc7 25. g3 d4 26. Nb5 Qb6 27. a4 a6 28.
Na3 Nb4 29. a5 Nxd3 30. Rxd3 Qc7 31. Rd1 e5 32. fxe5 Qxe5 33. Qg2 f4 34. Nc4
Qe7 35. Bd3 Bxd3 36. Rxd3 Qe1+ 37. Qg1 Qe4+ 0-1

[Event "XXVII Festival Conca della Presolana A"]
[Site "Bratto - Castione della Presolana ITA"]
[Date "2007.08.23"]
[Round "1"]
[White "Pagnoncelli, Marco"]
[Black "Hoffmann, Michael"]
[Result "0-1"]
[WhiteElo "2129"]
[BlackElo "2481"]
[PlyCount "104"]
[EventDate "2007.08.23"]

1. e4 c5 2. Nf3 d6 3. d4 cxd4 4. Nxd4 Nf6 5. Nc3 a6 6. Bg5 e6 7. f4 Qc7 8. Qf3
b5 9. a3 Nbd7 10. O-O-O Be7 11. g4 Rb8 12. Bxf6 Bxf6 13. g5 Be7 14. f5 Bxg5+
15. Kb1 Ne5 16. Qh5 Qe7 17. fxe6 g6 18. exf7+ Kxf7 19. Qe2 Kg7 20. Nd5 Qd8 21.
Rg1 Rf8 22. Qg2 Bh4 23. Rd2 Rb7 24. Bd3 Rbf7 25. Nf5+ Kh8 26. Nd4 Rf2 27. Rxf2
Bxf2 28. Ne2 Bxg1 29. Qxg1 Bb7 30. Qd4 Bxd5 31. exd5 Qf6 32. Ng3 Qf2 33. Qc3
Qc5 34. Qb3 Qd4 35. Ne4 Nc4 36. Qc3 Qxc3 37. Nxc3 Ne5 38. Be2 Rf2 39. h3 h5 40.
Kc1 Rh2 41. Kd1 Rxh3 42. a4 bxa4 43. Ne4 Nf7 44. Bxa6 a3 45. bxa3 Rxa3 46. Bb5
Re3 47. Nf2 Kg8 48. Kd2 Re7 49. Kd3 h4 50. Kd4 Nh6 51. Bf1 Nf5+ 52. Kd3 Ne3 0-1

[Event "XXVII Festival Conca della Presolana A"]
[Site "Bratto - Castione della Presolana ITA"]
[Date "2007.08.23"]
[Round "1"]
[White "Piemonti, Carlo"]
[Black "Vancini, Edoardo"]
[Result "1-0"]
[WhiteElo "2029"]
[BlackElo "2308"]
[PlyCount "107"]
[EventDate "2007.08.23"]

1. e4 c5 2. Nf3 e6 3. b3 b6 4. c4 Bb7 5. Nc3 Nc6 6. Bb2 Nf6 7. Bd3 a6 8. O-O
Qc7 9. a3 Bd6 10. Ne2 Ng4 11. h3 h5 12. Bc2 O-O-O 13. d4 cxd4 14. Nexd4 f5 15.
exf5 Nxd4 16. Bxd4 e5 17. Be3 e4 18. Ng5 Bh2+ 19. Kh1 Bg1 20. g3 Bxf2 21. Bf4
e3+ 22. Be4 Bxe4+ 23. Nxe4 Qc6 24. Qd5 Nf6 25. Nd6+ Kb8 26. Nb5+ Kb7 27. Nd6+
Ka7 28. Qxc6 dxc6 29. Nf7 Rhe8 30. Nxd8 Rxd8 31. Kg2 Ne4 32. Bxe3 Bxe3 33. Kf3
Re8 34. Kxe3 Nxg3+ 35. Kf2 Nxf1 36. Rxf1 Re5 37. Kg3 b5 38. cxb5 axb5 39. Kf4
Re7 40. Rf3 Re1 41. Kg5 Kb6 42. Kxh5 Kc5 43. Rg3 Re7 44. Kg6 Kd4 45. b4 c5 46.
bxc5 Kxc5 47. h4 Kd5 48. h5 Rb7 49. h6 gxh6 50. f6 Rb6 51. Kg7 b4 52. axb4 Rxb4
53. f7 Rb7 54. Kg8 1-0

[Event "XXVII Festival Conca della Presolana A"]
[Site "Bratto - Castione della Presolana ITA"]
[Date "2007.08.23"]
[Round "1"]
[White "Piscopo, Pierluigi"]
[Black "Melotti, Dario"]
[Result "1-0"]
[WhiteElo "2392"]
[BlackElo "2067"]
[PlyCount "75"]
[EventDate "2007.08.23"]

1. e4 e6 2. d3 d5 3. Qe2 Be7 4. Nf3 Nf6 5. e5 Nfd7 6. g3 c5 7. h4 Nc6 8. Bg2 b5
9. O-O h6 10. h5 a5 11. Re1 b4 12. Bf4 Ba6 13. Nbd2 Nb6 14. b3 Rc8 15. Rac1 Na7
16. a4 Nc6 17. Red1 Nd7 18. Bh3 Nf8 19. Ne1 Nd4 20. Qg4 Bg5 21. Kh2 g6 22. Nef3
gxh5 23. Qxh5 Ng6 24. Be3 Rc6 25. Bxd4 cxd4 26. Nxd4 Bxd2 27. Rxd2 Rb6 28. f4
Bc8 29. c4 bxc3 30. Rxc3 Bd7 31. Rdc2 Kf8 32. Rc7 Kg7 33. f5 exf5 34. Bxf5 Nxe5
35. Bxd7 Nxd7 36. Qg4+ Rg6 37. Qxd7 Qf6 38. Nf5+ 1-0

[Event "XXVII Festival Conca della Presolana A"]
[Site "Bratto - Castione della Presolana ITA"]
[Date "2007.08.23"]
[Round "1"]
[White "Podini, Francesco"]
[Black "Bellia, Fabrizio"]
[Result "0-1"]
[WhiteElo "2075"]
[BlackElo "2405"]
[PlyCount "58"]
[EventDate "2007.08.23"]

1. e4 e5 2. Nf3 Nc6 3. Bc4 Nf6 4. d4 exd4 5. e5 Ne4 6. O-O d5 7. Bb5 Bc5 8.
Nxd4 Bd7 9. Bxc6 bxc6 10. f3 Ng5 11. Be3 O-O 12. Qd2 Be7 13. Nc3 f6 14. f4 fxe5
15. fxe5 h6 16. Rxf8+ Qxf8 17. Rf1 Qe8 18. h4 Ne6 19. Nf5 Bf8 20. Qf2 h5 21.
Ne2 c5 22. Qg3 Kh7 23. c3 g6 24. Qf3 gxf5 25. Qxf5+ Kg8 26. Rf3 Bg7 27. Rg3 Nf8
28. Qg5 Bg4 29. Nf4 Qxe5 0-1

[Event "XXVII Festival Conca della Presolana A"]
[Site "Bratto - Castione della Presolana ITA"]
[Date "2007.08.23"]
[Round "1"]
[White "Poletti, Fausto"]
[Black "Bonafede, Alessandro"]
[Result "0-1"]
[WhiteElo "2012"]
[BlackElo "2234"]
[PlyCount "66"]
[EventDate "2007.08.23"]

1. Nf3 d6 2. d4 f5 3. g3 Nf6 4. Bg2 g6 5. c4 Bg7 6. Nc3 O-O 7. O-O Qe8 8. d5 a5
9. Be3 h6 10. h4 Na6 11. Qd2 Kh7 12. Nd4 Bd7 13. Rad1 c6 14. b3 Nc5 15. Qc2 Rc8
16. Qb1 Kh8 17. b4 axb4 18. Qxb4 Ng4 19. Bc1 g5 20. f3 Ne5 21. hxg5 hxg5 22.
Bxg5 Ned3 23. exd3 Bxd4+ 24. Rf2 e5 25. dxe6 Nxe6 26. Bc1 f4 27. g4 c5 28. Qb3
Ng5 29. Ne4 Ba4 30. Qb1 Nxe4 31. dxe4 Bxd1 32. Bb2 Bxb2 33. Qxb2+ Qe5 0-1

[Event "XXVII Festival Conca della Presolana A"]
[Site "Bratto - Castione della Presolana ITA"]
[Date "2007.08.23"]
[Round "1"]
[White "Pomaro, Alberto"]
[Black "Godena, Michele"]
[Result "0-1"]
[WhiteElo "2149"]
[BlackElo "2547"]
[PlyCount "94"]
[EventDate "2007.08.23"]

1. d4 d5 2. c4 e6 3. Nc3 c6 4. Nf3 Nf6 5. cxd5 exd5 6. Qc2 Nbd7 7. Bg5 Be7 8.
e3 Nh5 9. Bxe7 Qxe7 10. O-O-O Nb6 11. Bd3 g6 12. Rhe1 Be6 13. e4 Nf4 14. g3
Nxd3+ 15. Rxd3 O-O-O 16. exd5 Nxd5 17. Nxd5 Rxd5 18. Qa4 Kb8 19. Kb1 Qc7 20.
Ra3 Qb6 21. Rb3 Ra5 22. Rxb6 Rxa4 23. b3 Ra5 24. Rb4 Rf5 25. Ne5 a5 26. Ra4
Rxf2 27. Rxa5 Rd8 28. Ra4 Rxh2 29. Rb4 Kc8 30. Rf1 Kc7 31. Re1 Rf2 32. Ka1 Ra8
33. a4 Rd8 34. Nd3 Rf6 35. Kb2 b6 36. Nf4 h5 37. Re4 Bd7 38. Rc4 Rf5 39. Kc3
Rg5 40. Re3 Re8 41. Rf3 Rf5 42. Rd3 Re4 43. d5 Rxc4+ 44. Kxc4 h4 45. dxc6 Bxc6
46. Nh3 Bg2 47. g4 Rf3 0-1

[Event "XXVII Festival Conca della Presolana A"]
[Site "Bratto - Castione della Presolana ITA"]
[Date "2007.08.23"]
[Round "1"]
[White "Pulvirenti, Gianni"]
[Black "Brun, Dario"]
[Result "0-1"]
[WhiteElo "1987"]
[BlackElo "2207"]
[PlyCount "52"]
[EventDate "2007.08.23"]

1. d4 d5 2. c4 c6 3. Nc3 dxc4 4. a4 e5 5. dxe5 Qxd1+ 6. Nxd1 Na6 7. Bd2 Be6 8.
Nf3 Nc5 9. Nc3 O-O-O 10. g3 Ne7 11. Bg2 Nd5 12. O-O Nb3 13. Rad1 Nb6 14. Bg5
Rxd1 15. Rxd1 Bb4 16. Be3 Bxc3 17. bxc3 Nxa4 18. Rd6 Nxc3 19. Ng5 Nb5 20. Rd1
Rd8 21. Rxd8+ Kxd8 22. Nxe6+ fxe6 23. Be4 c3 24. Kf1 Nd2+ 25. Bxd2 cxd2 26. Bc2
Nc3 0-1

[Event "XXVII Festival Conca della Presolana A"]
[Site "Bratto - Castione della Presolana ITA"]
[Date "2007.08.23"]
[Round "1"]
[White "Qendro, Llambi"]
[Black "Pegoraro, Nicola"]
[Result "1-0"]
[WhiteElo "2386"]
[BlackElo "2061"]
[PlyCount "35"]
[EventDate "2007.08.23"]

1. d4 f5 2. g3 Nf6 3. Bg2 g6 4. c4 Bg7 5. Nh3 Nc6 6. d5 Ne5 7. Nd2 O-O 8. O-O
c6 9. b3 Qa5 10. Bb2 Neg4 11. a3 Re8 12. Re1 Qc7 13. e4 Nxe4 14. Bxg7 Nexf2 15.
Nxf2 Qb6 16. Nde4 Kxg7 17. c5 Qd8 18. Nxg4 1-0

[Event "XXVII Festival Conca della Presolana A"]
[Site "Bratto - Castione della Presolana ITA"]
[Date "2007.08.23"]
[Round "1"]
[White "Radice, Luca"]
[Black "Spassov, Liuben D."]
[Result "0-1"]
[WhiteElo "2056"]
[BlackElo "2383"]
[PlyCount "74"]
[EventDate "2007.08.23"]

1. d4 Nf6 2. c4 e6 3. g3 Bb4+ 4. Bd2 a5 5. Bg2 d5 6. Qc2 O-O 7. Bxb4 axb4 8.
Nd2 b6 9. e4 Bb7 10. e5 Ng4 11. Ne2 Na6 12. O-O c5 13. h3 Nh6 14. Nf3 Qe7 15.
Rac1 dxc4 16. Qxc4 Bd5 17. Qb5 Rfb8 18. Nf4 Bb7 19. Rfd1 Nc7 20. Qc4 Ra5 21.
dxc5 bxc5 22. Qd3 Nd5 23. a3 bxa3 24. bxa3 Nxf4 25. gxf4 Bxf3 26. Bxf3 g6 27.
Bg2 Nf5 28. Qd7 Qxd7 29. Rxd7 Nd4 30. Bf1 Rb3 31. Rc7 Rbxa3 32. R1xc5 Rxc5 33.
Rxc5 Rf3 34. Kg2 Rxf4 35. Kg3 g5 36. Ra5 Kg7 37. Bd3 Rf3+ 0-1

[Event "XXVII Festival Conca della Presolana A"]
[Site "Bratto - Castione della Presolana ITA"]
[Date "2007.08.23"]
[Round "1"]
[White "Reduzzi, Maurizio"]
[Black "Efimov, Igor"]
[Result "0-1"]
[WhiteElo "2105"]
[BlackElo "2426"]
[PlyCount "58"]
[EventDate "2007.08.23"]

1. d4 Nf6 2. Nf3 e6 3. c4 a6 4. Nc3 c5 5. g3 cxd4 6. Qxd4 Nc6 7. Qd2 b5 8. Bg2
bxc4 9. Nd4 Bb7 10. Nxc6 Qc7 11. Qf4 Rc8 12. Qxc4 d5 13. Qd3 Qxc6 14. Bg5 Qb6
15. O-O Be7 16. Rfc1 Ng4 17. Be3 Nxe3 18. Qxe3 Qxe3 19. fxe3 Bc5 20. Kf2 Ke7
21. Na4 Ba7 22. b4 Kd6 23. Nc5 Bxc5 24. bxc5+ Rxc5 25. Rxc5 Kxc5 26. Rb1 Bc6
27. e4 dxe4 28. Ke3 f5 29. Kf4 Rd8 0-1

[Event "XXVII Festival Conca della Presolana A"]
[Site "Bratto - Castione della Presolana ITA"]
[Date "2007.08.23"]
[Round "1"]
[White "Rombaldoni, Denis"]
[Black "D'Apa, Matteo"]
[Result "1-0"]
[WhiteElo "2383"]
[BlackElo "2055"]
[PlyCount "97"]
[EventDate "2007.08.23"]

1. d4 d5 2. c4 c6 3. Nf3 Nf6 4. e3 e6 5. Nc3 Be7 6. Qc2 Nbd7 7. g4 dxc4 8. e4
Nb6 9. g5 Nfd7 10. Bf4 a5 11. O-O-O a4 12. a3 O-O 13. h4 Qe8 14. Bh3 Nb8 15. h5
N6d7 16. g6 b5 17. Rdg1 b4 18. gxf7+ Rxf7 19. Bxe6 bxc3 20. h6 cxb2+ 21. Kb1 g6
22. Qxc4 Nf8 23. Bxf7+ Qxf7 24. Qxf7+ Kxf7 25. Bxb8 Rxb8 26. Ne5+ Ke8 27. Nxc6
Rb6 28. Nxe7 Kxe7 29. d5 Nd7 30. Rh3 Ne5 31. Rc3 Ba6 32. Rd1 Be2 33. Rd2 Bf3
34. Rd4 Be2 35. f4 Nf3 36. Rb4 Nd2+ 37. Kxb2 Rxb4+ 38. axb4 Nc4+ 39. Ka2 Bd1
40. e5 Bb3+ 41. Ka1 Kd7 42. d6 Ke8 43. b5 Kd8 44. Kb1 Na3+ 45. Kb2 Nc4+ 46. Ka1
Ke8 47. Rd3 Nb6 48. Rg3 Be6 49. Rxg6 1-0

[Event "XXVII Festival Conca della Presolana A"]
[Site "Bratto - Castione della Presolana ITA"]
[Date "2007.08.23"]
[Round "1"]
[White "Rossi, Carlo"]
[Black "Ricci, Alfredo"]
[Result "1-0"]
[WhiteElo "2340"]
[BlackElo "2038"]
[PlyCount "35"]
[EventDate "2007.08.23"]

1. e4 c5 2. Nf3 e6 3. b4 b6 4. bxc5 bxc5 5. Nc3 d6 6. Rb1 Nf6 7. e5 Nd5 8. Ne4
dxe5 9. Nxe5 a6 10. c4 Nb6 11. d4 f6 12. Qh5+ g6 13. Nxg6 hxg6 14. Qxh8 Qxd4
15. Nxf6+ Kf7 16. Bb2 Qf4 17. Qh7+ Bg7 18. Qg8+ 1-0

[Event "XXVII Festival Conca della Presolana A"]
[Site "Bratto - Castione della Presolana ITA"]
[Date "2007.08.23"]
[Round "1"]
[White "Salmoiraghi, Angelo"]
[Black "Guido, Flavio"]
[Result "0-1"]
[WhiteElo "2031"]
[BlackElo "2331"]
[PlyCount "48"]
[EventDate "2007.08.23"]

1. e4 c5 2. Nc3 e6 3. d3 d5 4. exd5 exd5 5. g3 Nf6 6. Bg2 d4 7. Nce2 Bd6 8. Nf3
O-O 9. O-O Qb6 10. Nd2 Qd8 11. Nc4 Bc7 12. b4 cxb4 13. a3 bxa3 14. Bxa3 Re8 15.
Bb2 Nc6 16. Qd2 Be6 17. Nf4 Bxf4 18. Qxf4 Bd5 19. Bxd4 Nh5 20. Qg4 Bxg2 21.
Kxg2 Qd5+ 22. f3 Nxd4 23. Ra5 b5 24. Rb1 Nf6 0-1

[Event "XXVII Festival Conca della Presolana A"]
[Site "Bratto - Castione della Presolana ITA"]
[Date "2007.08.23"]
[Round "1"]
[White "Sbarra, Marco"]
[Black "Turci, Alberto"]
[Result "1-0"]
[WhiteElo "2233"]
[BlackElo "2007"]
[PlyCount "53"]
[EventDate "2007.08.23"]

1. d4 Nf6 2. c4 e5 3. dxe5 Ng4 4. Bf4 Bb4+ 5. Nd2 d6 6. exd6 Qf6 7. e3 g5 8.
Bg3 h5 9. h4 gxh4 10. Bxh4 Qxb2 11. Ngf3 cxd6 12. Rb1 Bxd2+ 13. Nxd2 Qxa2 14.
Be2 Nc6 15. O-O Qa5 16. Rb5 Qc7 17. Ne4 Rh6 18. Rd5 Kf8 19. Bg3 Nce5 20. c5 f6
21. cxd6 Qd8 22. d7 Bxd7 23. Nc5 Ke7 24. Nxd7 Nxd7 25. Bxg4 hxg4 26. Qxg4 Ne5
27. Qg7+ 1-0

[Event "XXVII Festival Conca della Presolana A"]
[Site "Bratto - Castione della Presolana ITA"]
[Date "2007.08.23"]
[Round "1"]
[White "Schaefer, Markus"]
[Black "Canova, Luca"]
[Result "1-0"]
[WhiteElo "2411"]
[BlackElo "2082"]
[PlyCount "47"]
[EventDate "2007.08.23"]

1. e4 e5 2. Nf3 Nc6 3. d4 exd4 4. Nxd4 Bc5 5. Be3 Qf6 6. c3 Nge7 7. Bc4 Ne5 8.
Be2 Qg6 9. O-O Qxe4 10. b4 Bb6 11. c4 Bxd4 12. Bxd4 Nf5 13. Bxe5 Qxe5 14. Qd2
O-O 15. Nc3 d6 16. Rad1 Be6 17. Rfe1 Nh4 18. Bf1 Qh5 19. Re3 Ng6 20. Nb5 Rfc8
21. Rde1 Ne5 22. c5 Nc4 23. Bxc4 Bxc4 24. Nxc7 1-0

[Event "XXVII Festival Conca della Presolana A"]
[Site "Bratto - Castione della Presolana ITA"]
[Date "2007.08.23"]
[Round "1"]
[White "Shytaj, Luca"]
[Black "Castelfranchi, Carlo"]
[Result "1/2-1/2"]
[WhiteElo "2451"]
[BlackElo "2114"]
[PlyCount "42"]
[EventDate "2007.08.23"]

1. e4 Nf6 2. e5 Nd5 3. d4 d6 4. c4 Nb6 5. exd6 exd6 6. h3 Bf5 7. Be3 Nc6 8. Nc3
Be7 9. Nf3 O-O 10. Be2 d5 11. cxd5 Nxd5 12. O-O Ncb4 13. Bc4 Nxe3 14. fxe3 Nc2
15. e4 Ne3 16. Qb3 Nxf1 17. Rxf1 Bg6 18. Qxb7 Rb8 19. Qxa7 Ra8 20. Qb7 Rb8 21.
Qa7 Ra8 1/2-1/2

[Event "XXVII Festival Conca della Presolana A"]
[Site "Bratto - Castione della Presolana ITA"]
[Date "2007.08.23"]
[Round "1"]
[White "Stella, Andrea"]
[Black "Bruno, Fabio"]
[Result "0-1"]
[WhiteElo "2132"]
[BlackElo "2443"]
[PlyCount "114"]
[EventDate "2007.08.23"]

1. d4 d5 2. c4 c6 3. Nc3 Nf6 4. cxd5 cxd5 5. Bf4 Nc6 6. e3 a6 7. Bd3 Qb6 8. Qb3
Qxb3 9. axb3 Nb4 10. Bb1 Bd7 11. h3 Rc8 12. Nf3 Ne4 13. Nxe4 Rc1+ 14. Kd2 Rxh1
15. Ng3 Rxb1 16. Rxb1 Nc6 17. Ne5 f6 18. Nd3 e6 19. Ne2 Na5 20. Nec1 Bb5 21.
Bc7 Nc6 22. Ne2 Kd7 23. Bb6 Nb4 24. Nc5+ Bxc5 25. Bxc5 Nd3 26. f3 Nxc5 27. dxc5
Bxe2 28. Kxe2 Kc6 29. Rc1 Kb5 30. Kd3 e5 31. f4 exf4 32. exf4 Re8 33. Kd4 Kc6
34. g3 Re4+ 35. Kd3 f5 36. Rc2 Rb4 37. Rc3 h5 38. h4 g6 39. Kc2 Rb5 40. Re3
Kxc5 41. Re7 Kd4 42. Re6 Rc5+ 43. Kd2 Rc6 44. Re7 b5 45. Re3 a5 46. Re1 a4 47.
bxa4 bxa4 48. Ra1 Rc4 49. Ra3 Rb4 50. Kc2 Ke4 51. Kc3 Rb3+ 52. Rxb3 axb3 53.
Kxb3 Kd3 54. Ka2 d4 55. b4 Kc4 56. Ka3 d3 57. b5 d2 0-1

[Event "XXVII Festival Conca della Presolana A"]
[Site "Bratto - Castione della Presolana ITA"]
[Date "2007.08.23"]
[Round "1"]
[White "Stips, Felix"]
[Black "Fierro Baquero, Martha Lorena"]
[Result "1/2-1/2"]
[WhiteElo "2041"]
[BlackElo "2344"]
[PlyCount "197"]
[EventDate "2007.08.23"]

1. e4 d5 2. exd5 Qxd5 3. Nc3 Qa5 4. d4 c6 5. Nf3 Nf6 6. Ne5 Bf5 7. g4 Bg6 8. h4
Nbd7 9. Nc4 Qc7 10. h5 Be4 11. Nxe4 Nxe4 12. Bd3 Nd6 13. Bf4 Nb6 14. Nxd6+ exd6
15. Qe2+ Qe7 16. O-O-O Qxe2 17. Bxe2 Be7 18. Rhe1 O-O 19. Bd3 Rfe8 20. Re2 Nd5
21. Bd2 Bf6 22. c3 h6 23. Rde1 Rxe2 24. Rxe2 Bg5 25. c4 Bxd2+ 26. Kxd2 Nf6 27.
f3 Kf8 28. Bf5 Rd8 29. Bd3 c5 30. Be4 d5 31. cxd5 Nxd5 32. Bxd5 Rxd5 33. Re4 f5
34. Re5 Rxd4+ 35. Ke3 fxg4 36. Rxc5 Rb4 37. fxg4 Rxb2 38. Rc7 a5 39. a4 Rb6 40.
Ke4 Kg8 41. Ke5 Rb1 42. Rc8+ Kh7 43. Rc7 Rb4 44. Kf5 Rxa4 45. Rxb7 Ra1 46. Ra7
a4 47. Kf4 a3 48. Kg3 Kg8 49. Kg2 Kf8 50. Kh2 a2 51. Kg2 Ke8 52. Kh2 Kd8 53.
Kg2 Kc8 54. Kh2 Kb8 55. Ra3 Kb7 56. Kg2 Kb6 57. Kh2 Kc5 58. Kg2 Kd4 59. Ra8 Kd3
60. Rd8+ Ke3 61. Ra8 Kf4 62. Ra4+ Kg5 63. Kh2 Kh4 64. Kg2 Rb1 65. Rxa2 Rb4 66.
Kf3 Rxg4 67. Rh2+ Kg5 68. Ke3 Rh4 69. Rg2+ Kf6 70. Rf2+ Ke6 71. Rg2 Kf7 72.
Rf2+ Kg8 73. Rf5 Rg4 74. Kf3 Rg1 75. Ra5 Kf7 76. Kf4 Rf1+ 77. Kg4 Ke6 78. Rb5
Rd1 79. Ra5 Rd4+ 80. Kg3 Kf6 81. Kf3 Rb4 82. Rc5 Rb1 83. Kf4 Rf1+ 84. Kg4 Rg1+
85. Kf4 Rg2 86. Rc6+ Kf7 87. Rc5 Rg1 88. Ra5 g5+ 89. hxg6+ Kxg6 90. Kf3 h5 91.
Ra8 Rb1 92. Kg3 Rb3+ 93. Kh4 Rb4+ 94. Kh3 Kg5 95. Ra5+ Kg6 96. Ra6+ Kg5 97.
Ra5+ Kg6 98. Ra6+ Kg5 99. Ra5+ 1/2-1/2

[Event "XXVII Festival Conca della Presolana A"]
[Site "Bratto - Castione della Presolana ITA"]
[Date "2007.08.23"]
[Round "1"]
[White "Tatai, Stefano"]
[Black "Ranfagni, Stefano"]
[Result "1-0"]
[WhiteElo "2334"]
[BlackElo "2031"]
[PlyCount "101"]
[EventDate "2007.08.23"]

1. e4 e6 2. d4 d5 3. Nc3 dxe4 4. Nxe4 Nd7 5. Nf3 Ngf6 6. Nxf6+ Nxf6 7. Bg5 Be7
8. Qd2 Ne4 9. Bxe7 Nxd2 10. Bxd8 Nxf3+ 11. gxf3 Kxd8 12. f4 Bd7 13. Bg2 Ke7 14.
O-O-O Bc6 15. Bxc6 bxc6 16. Rhe1 Kf6 17. Re5 Rab8 18. c4 Rb4 19. b3 Ra8 20. Ra5
a6 21. Kc2 Ke7 22. Kc3 Rb6 23. Re1 g6 24. h4 Rbb8 25. f5 gxf5 26. Rxf5 Rg8 27.
Rg5 h6 28. Rg3 Rxg3+ 29. fxg3 Rg8 30. Re3 Rg4 31. a4 f6 32. Kb4 Rxd4 33. Ka5
Rd8 34. Kxa6 Rb8 35. Ka7 Rb4 36. g4 c5 37. a5 c6 38. a6 e5 39. Ka8 Ke6 40. a7
Kd7 41. Rd3+ Ke7 42. Rh3 Ke6 43. g5 hxg5 44. h5 g4 45. Rh4 g3 46. h6 Kf5 47. h7
g2 48. h8=Q g1=Q 49. Qc8+ Kg5 50. Qg8+ Kxh4 51. Qxg1 1-0

[Event "XXVII Festival Conca della Presolana A"]
[Site "Bratto - Castione della Presolana ITA"]
[Date "2007.08.23"]
[Round "1"]
[White "Tocchioni, Doriano"]
[Black "Esplugas Esteve, Vicenc"]
[Result "1-0"]
[WhiteElo "2261"]
[BlackElo "2012"]
[PlyCount "103"]
[EventDate "2007.08.23"]

1. d4 e6 2. Nf3 Nf6 3. Bg5 b6 4. e4 h6 5. Bxf6 Qxf6 6. Bd3 Bb7 7. Nbd2 d6 8. c3
Nd7 9. Qa4 Qd8 10. O-O-O a6 11. Kb1 b5 12. Qc2 c5 13. d5 e5 14. c4 b4 15. Nf1
Be7 16. h4 h5 17. Qd2 Nf8 18. Bc2 a5 19. Ba4+ Nd7 20. Ne3 Ba6 21. g4 g6 22.
Rdg1 Qc7 23. Ng5 Bxg5 24. hxg5 O-O-O 25. gxh5 gxh5 26. b3 Nf8 27. Qd1 Ng6 28.
Rxh5 Rxh5 29. Qxh5 Rh8 30. Qf3 Nf4 31. Ng2 Nxg2 32. Qxg2 Kb8 33. g6 fxg6 34.
Qxg6 Bc8 35. Qf6 Rh7 36. Be8 Qe7 37. Qxe7 Rxe7 38. Bh5 Rh7 39. Rg5 Kc7 40. Kc1
a4 41. Kd2 axb3 42. axb3 Kb8 43. Ke3 Ra7 44. Rg8 Kc7 45. Rg7+ Kb6 46. Rxa7 Kxa7
47. f4 exf4+ 48. Kxf4 Kb6 49. Bg4 Ba6 50. Kg5 Kc7 51. Kf6 Bb7 52. Ke7 1-0

[Event "XXVII Festival Conca della Presolana A"]
[Site "Bratto - Castione della Presolana ITA"]
[Date "2007.08.23"]
[Round "1"]
[White "Vezzosi, Paolo"]
[Black "Bassis, Ivano"]
[Result "1-0"]
[WhiteElo "2302"]
[BlackElo "2026"]
[PlyCount "39"]
[EventDate "2007.08.23"]

1. d4 d5 2. Nf3 Nf6 3. c4 dxc4 4. e3 e6 5. Bxc4 c5 6. Nc3 a6 7. a4 cxd4 8. exd4
Nc6 9. O-O Be7 10. Be3 O-O 11. Qe2 Nd5 12. Rad1 Re8 13. Bd3 Ncb4 14. Bb1 b6 15.
Ne5 Bb7 16. Bxh7+ Kxh7 17. Qh5+ Kg8 18. Qxf7+ Kh7 19. Qg6+ Kh8 20. Nf7+ 1-0

[Event "XXVII Festival Conca della Presolana A"]
[Site "Bratto - Castione della Presolana ITA"]
[Date "2007.08.23"]
[Round "1"]
[White "Wall, Gavin"]
[Black "Tommaselli, Giacomo"]
[Result "1-0"]
[WhiteElo "2328"]
[BlackElo "2030"]
[PlyCount "63"]
[EventDate "2007.08.23"]

1. e4 d5 2. Nc3 dxe4 3. Nxe4 Bf5 4. Qf3 Bxe4 5. Qxe4 c6 6. Bc4 Nf6 7. Qe2 e6 8.
f4 Bd6 9. Nh3 O-O 10. O-O Nbd7 11. a4 Nb6 12. Bb3 Nbd5 13. d3 Qc7 14. Qf3 a5
15. Ng5 Rfd8 16. Ne4 Be7 17. f5 e5 18. g4 Rd7 19. Nxf6+ Bxf6 20. g5 Be7 21. Kh1
f6 22. h4 Qd8 23. Rg1 Ra6 24. Bd2 Bc5 25. Rg4 Kh8 26. Re1 Ra8 27. Re2 Be7 28.
g6 hxg6 29. Rxg6 Bf8 30. Reg2 Kg8 31. Qh5 Rc8 32. Rh6 1-0

[Event "XXVII Festival Conca della Presolana A"]
[Site "Bratto - Castione della Presolana ITA"]
[Date "2007.08.23"]
[Round "1"]
[White "Zoldan, Matteo"]
[Black "Bagaturov, Giorgi"]
[Result "0-1"]
[WhiteElo "2128"]
[BlackElo "2474"]
[PlyCount "106"]
[EventDate "2007.08.23"]

1. e4 c5 2. Nf3 d6 3. d4 cxd4 4. Nxd4 Nf6 5. Nc3 Nc6 6. Bc4 e6 7. Be3 a6 8. Qe2
Qc7 9. Bb3 Na5 10. g4 Nxb3 11. axb3 g6 12. g5 Nh5 13. f4 Bg7 14. f5 Be5 15.
O-O-O O-O 16. Rhf1 b5 17. Qg4 b4 18. Na4 Re8 19. fxe6 fxe6 20. Nf3 Bg7 21. Nb6
Rb8 22. Nxc8 Rbxc8 23. Rf2 Bxb2+ 24. Kxb2 Qc3+ 25. Kb1 Qxe3 26. Rfd2 Qc3 27.
Ne1 Rc6 28. Nd3 Ng7 29. Nb2 Rf8 30. Nc4 Rxc4 31. bxc4 Qxc4 32. Qe2 Qxe2 33.
Rxe2 Ne8 34. Kb2 Rf4 35. Kb3 Kg7 36. Kxb4 Rg4 37. Ka5 Rxg5+ 38. Kxa6 Rc5 39.
Kb6 Re5 40. Rdd2 Kf6 41. Rd4 Ke7 42. Ra4 Nf6 43. Kc6 Nd7 44. Rd2 Rc5+ 45. Kb7
Ne5 46. Ra6 Nc4 47. Rd4 g5 48. Kb8 Kf6 49. Ra7 Ne5 50. Rc7 Nc6+ 51. Rxc6 Rxc6
52. Rd2 Ke5 53. Kb7 Rc4 0-1